000 00736nam a2200265Ia 4500
005 20260121171512.0
008 008 260114s9999 xx 000 0 eng d
020 _a9783030274238
037 _aEBOOK
040 _aCRL
040 _beng
040 _cCRL
041 _2eng
041 _aeng
084 _qCRL
100 _aMohammad Anwar Hossain, Vinay Kumar, David J. Burritt, Masayuki Fujita, Pirjo S. A. Mäkelä
_91077007
245 0 _aOsmoprotectant-Mediated Abiotic Stress Tolerance in Plants
260 _bSpringer
260 _bSpringer
260 _c2019
856 _uhttps://link.springer.com/openurl?genre=book&isbn=978-3-030-27423-8
942 _cEBOOK
999 _c1642737
_d1642737